Daisy little dance / (Record no. 111259)
[ view plain ]
| 000 -LEADER | |
|---|---|
| fixed length control field | 00516nam a2200181 a 4500 |
| 001 - CONTROL NUMBER | |
| control field | 3828 |
| 005 - DATE AND TIME OF LATEST TRANSACTION | |
| control field | 20140414131912.0 |
| 008 - FIXED-LENGTH DATA ELEMENTS--GENERAL INFORMATION | |
| fixed length control field | 061020s19uu xx 00 eng d |
| 050 ## - LIBRARY OF CONGRESS CALL NUMBER | |
| Classification number | ER |
| Item number | D14 1997 |
| 100 ## - MAIN ENTRY--PERSONAL NAME | |
| Personal name | Birkinshaw, Marie |
| 245 ## - TITLE STATEMENT | |
| Title | Daisy little dance / |
| Statement of responsibility, etc | by Marie Birkinshaw ; illustrated by David Pace. |
| 260 ## - PUBLICATION, DISTRIBUTION, ETC. (IMPRINT) | |
| Place of publication, distribution, etc | Leicesterashire, UK : |
| Name of publisher, distributor, etc | Ladybird Books, |
| Date of publication, distribution, etc | 1997. |
| 300 ## - PHYSICAL DESCRIPTION | |
| Extent | p. ; cm. |
| 440 ## - SERIES STATEMENT/ADDED ENTRY--TITLE | |
| Title | Little Stories |
| 650 ## - SUBJECT ADDED ENTRY--TOPICAL TERM | |
| Topical term or geographic name as entry element | Ballet |
| General subdivision | fiction. |
| 650 ## - SUBJECT ADDED ENTRY--TOPICAL TERM | |
| Topical term or geographic name as entry element | Children stories. |
| Withdrawn status | Lost status | Damaged status | Use restrictions | Home library | Current library | Shelving location | Date acquired | Source of acquisition | Total Checkouts | Full call number | Barcode | Date last seen | Price effective from | Koha item type |
|---|---|---|---|---|---|---|---|---|---|---|---|---|---|---|
| Munich Library | Munich Library | Easy Reading Section | 10/20/2006 | ER D14 1997 | M1887 | 04/14/2014 | 04/14/2014 | Books |